[Event "Chigorin Memorial 30th"]
[Site "St Petersburg"]
[Date "2023.10.28"]
[Round "8"]
[White "Zograf, Svetlana"]
[Black "Miroshnikov, Eduard"]
[Result "1-0"]
[WhiteElo "1860"]
[BlackElo "1210"]
[PlyCount "37"]
[EventDate "2023.10.21"]
[EventType "swiss"]
[EventRounds "9"]
[EventCountry "RUS"]
[SourceTitle "Mega2024 Update 01"]
[Source "Chessbase"]
[SourceDate "2023.11.12"]
[SourceVersion "1"]
[SourceVersionDate "2023.11.12"]
[SourceQuality "1"]

1. e4 e5 2. Nf3 Nc6 3. Bb5 a6 4. Ba4 Nf6 5. 0-0 b5 6. Bb3 Bc5 7. c3 d6 8. h3 Bb6 9. Re1 0-0 10. d4 h6 11. Be3 Bb7 12. Nbd2 Re8 13. a4 exd4 14. Nxd4 Nxd4 15. Bxd4 Bxd4 16. cxd4 Nxe4 17. Nxe4 Bxe4 18. Qh5 Bg6 19. Qxg6 1-0

[Event "Chigorin Memorial 30th"]
[Site "St Petersburg"]
[Date "2023.10.21"]
[Round "1"]
[White "Miroshnikov, Eduard"]
[Black "Khadzhiev, Valery"]
[Result "0-1"]
[WhiteElo "1210"]
[BlackElo "1898"]
[PlyCount "100"]
[EventDate "2023.10.21"]
[EventType "swiss"]
[EventRounds "9"]
[EventCountry "RUS"]
[SourceTitle "Mega2024 Update 01"]
[Source "Chessbase"]
[SourceDate "2023.11.12"]
[SourceVersion "1"]
[SourceVersionDate "2023.11.12"]
[SourceQuality "1"]

1. e4 e6 2. d4 d5 3. Nc3 Nf6 4. e5 Ng8 5. f4 c5 6. Nf3 Nc6 7. Be3 cxd4 8. Nxd4 a6 9. Bd3 g6 10. h4 h5 11. Nce2 Nh6 12. c3 Be7 13. Qc2 Nf5 14. Nxf5 gxf5 15. Bf2 Bd7 16. Ng1 Qc7 17. Nf3 0-0-0 18. Ng5 Rdf8 19. g3 Na5 20. b3 Bc5 21. Bxc5 Qxc5 22. Qd2 Qc7 23. Rc1 Kb8 24. c4 dxc4 25. Bxc4 Nxc4 26. Rxc4 Bc6 27. 0-0 Rd8 28. Qf2 Rd3 29. Rfc1 Rhd8 30. Qc5 Qd7 31. R4c2 Rxg3+ 32. Kh2 Rd3 33. Qb4 Rd2+ 34. Rxd2 Qxd2+ 35. Qxd2 Rxd2+ 36. Kg3 Rxa2 37. Nxf7 Ra3 38. Kh2 Rxb3 39. Rg1 a5 40. Nd6 a4 41. Ra1 Rf3 42. Nf7 Rxf4 43. Kg3 Rg4+ 44. Kh3 Bg2+ 45. Kh2 Bd5 46. Kh3 Rd4 47. Nd6 Rd3+ 48. Kh2 a3 49. Nb5 a2 50. Rc1 Rb3 0-1